Data warehousing fundamentals : A comprehensive guide for IT professionals
Kaydedildi:
| Yazar: | |
|---|---|
| Materyal Türü: | Kitap |
| Dil: | Undetermined |
| Baskı/Yayın Bilgisi: |
New York
John Wiley and Sons
2001
|
| Konular: | |
| Etiketler: |
Etiketle
Etiket eklenmemiş, İlk siz ekleyin!
|
| Thư viện lưu trữ: | Trung tâm Học liệu Trường Đại học Cần Thơ |
|---|
| LEADER | 00561nam a2200205Ia 4500 | ||
|---|---|---|---|
| 001 | CTU_94889 | ||
| 008 | 210402s9999 xx 000 0 und d | ||
| 020 | |c 88000 | ||
| 082 | |a 658.4 | ||
| 082 | |b P792 | ||
| 100 | |a Ponniah, Paulraj | ||
| 245 | 0 | |a Data warehousing fundamentals : | |
| 245 | 2 | |b A comprehensive guide for IT professionals | |
| 245 | 0 | |c Paulraj Ponniah | |
| 260 | |a New York | ||
| 260 | |b John Wiley and Sons | ||
| 260 | |c 2001 | ||
| 650 | |a Data warehousing | ||
| 904 | |i Hiếu | ||
| 980 | |a Trung tâm Học liệu Trường Đại học Cần Thơ | ||